MARC

LEADER 00000nam0a2200000 4500
001 34968
005 20231030232124.0
010 |a 506001570X 
035 |a (RuTPU)RU\TPU\book\35384 
035 |a BOOK00002036 
090 |a 34968 
100 |a 20011210d1990 m y0rusy50 ca 
101 0 |a rus 
102 |a RU 
105 |a y j 000zy 
200 1 |a Проектирование программных средств  |e учебное пособие  |f В. В. Липаев 
210 |a Москва  |c Высшая школа  |d 1990 
215 |a 303 с. 
610 1 |a программные средства 
610 1 |a проектирование 
610 1 |a ЭВМ 
610 1 |a электронные вычислительные машины 
610 1 |a программы 
610 1 |a автоматизация 
610 1 |a учебные пособия 
675 |a 681.3.01(075.8)  |v 3 
700 1 |a Липаев  |b В. В.  |g Владимир Васильевич 
801 0 |a RU  |b 63413507  |c 20011210  |g PSBO 
801 2 |a RU  |b 63413507  |c 20150522  |g PSBO 
900 |a Основы технологии программирования  |a Проектирование информационных систем 
942 |c BK